| 000 | 00397 a2200157 4500 | ||
|---|---|---|---|
| 020 | _a0170123790 | ||
| 082 | _a657 | ||
| 090 |
_c2296 _d2296 |
||
| 100 | _aTrotman, Ken | ||
| 245 |
_aFinancial Accounting _bAn Integrated Approach _cKen Trotman _hMichael Gibbins |
||
| 250 | _a3rd ed. | ||
| 260 |
_aAustralia _bThomson _c2005 |
||
| 300 | _a824 | ||
| 500 | _aPaper Cover | ||
| 942 |
_aNBS _cBK _k657 TRO |
||
| 999 |
_c344797 _d344797 |
||